| 000 | 00484nam a2200169Ia 4500 | ||
|---|---|---|---|
| 008 | 221030s9999 xx 000 0 und d | ||
| 020 | _a8188057002 | ||
| 041 | _aEnglish | ||
| 082 |
_a105.23 _bRad |
||
| 100 | _aM. Radhakrishnan | ||
| 245 | 0 |
_aComputer Installation & Troubleshooting _cby M. Radhakrishnan, Balasubramanian |
|
| 260 |
_bLearning Materials Centre, ISTE, New Delhi _aIndia _c2001 |
||
| 300 | _a8.25 | ||
| 650 | _aBE Computer | ||
| 700 | _aBalasubramanian | ||
| 942 | _cBK | ||
| 999 |
_c1412 _d1412 |
||